000 00709nam a22002177a 4500
003 OSt
005 20260124085150.0
008 230615b ||||| |||| 00| 0 eng d
040 _cSSBUL
041 _ashan
082 _223
_a895.9193
100 0 _aပၢၼ်းႁႅင်း၊
_cၸၢႆး။
_925937
245 1 0 _aႁူမ်ႈငဝ်းငမ်းယဵၼ် /
_cၸၢႆးပၢၼ်းႁႅင်း။
260 _bၵေႃႉႁၵ်ႉလိၵ်ႈလၢႆးတႆး၊
_c2001 ။
300 _a96 ၼႃး၊
_c18 ၸိၼ်ႇတီႇ။
500 _aS-SAT: Dr. Prof Sai Aung Tun
650 _aၸိူင်း
942 _cBK
942 _2ddc
942 _2ddc
999 _c25761
_d25761